Investície do vedy a výskumu v kontexte stratégie Európa 2020
Pridržiavajúc sa hlavnej myšlienky prijatej stratégie Európa 2020 sa príspevok zameriava na investície do vedy a výskumu, ako opatrenia, ktoré môže byť nápomocné pri stabilizácii svetovej ekonomiky.
Saved in:
| Main Author: | |
|---|---|
| Format: | Book Chapter |
| Language: | Slovak |
| Subjects: | |
| Tags: |
No Tags, Be the first to tag this record!
|
MARC
| LEADER | 00000nla$a2200000$$$4500 | ||
|---|---|---|---|
| 001 | 0144596 | ||
| 005 | 20240502083334.7 | ||
| 041 | 0 | |a slo | |
| 044 | |a CZ | ||
| 245 | 1 | 0 | |a Investície do vedy a výskumu v kontexte stratégie Európa 2020 |c Ivona Lukáčová |
| 520 | |a Pridržiavajúc sa hlavnej myšlienky prijatej stratégie Európa 2020 sa príspevok zameriava na investície do vedy a výskumu, ako opatrenia, ktoré môže byť nápomocné pri stabilizácii svetovej ekonomiky. | ||
| 610 | 2 | 0 | |a kríza hospodárska |
| 610 | 2 | 0 | |a ekonomika znalostná |
| 610 | 2 | 0 | |a veda |
| 610 | 2 | 0 | |a výskum |
| 610 | 2 | 0 | |a vzdelávanie |
| 610 | 2 | 0 | |a investície nevýrobné |
| 610 | 2 | 0 | |a stratégia hospodárska |
| 610 | 2 | 0 | |a stabilizácia hospodárstva |
| 610 | 2 | 0 | |a Európska únia |
| 100 | 1 | |a Lukáčová, Ivona | |